Statistics for UEFA Champions League - Last 16

Click here to take the quiz!

General Stats

  • This quiz has been taken 72 times
  • The average score is 14 of 16

Answer Stats

HintAnswer% Correct
Group HJuventus
100%
Group BFC Barcelona
99%
Group EBayern Munich
97%
Group CLiverpool
97%
Group GReal Madrid
97%
Group CParis Saint-Germain
96%
Group ABorussia Dortmund
93%
Group FManchester City
93%
Group HManchester United
91%
Group DFC Porto
90%
Group EAjax
88%
Group BTottenham Hotspur
88%
Group GAS Roma
85%
Group AAtlético Madrid
85%
Group FOlympique Lyon
68%
Group DSchalke 04
66%

Score Distribution

Percentile by Number Answered

Percent of People with Each Score

Your Score History

You have not taken this quiz